00582nam a2200181Ii 45000010005000000030009000050080041000140400033000550410008000880840011000961000028001072450106001352640066002413000012003073360026003193370028003453380027003737494CO-ViMGA241108s9999||||xx |||||||||||||| ||und|| aCO-ViMGAbspaerdacCO-ViMGA0 aunk aB-B6891 aCarmelian Soto Valencia10aUn centauro llamado Bolivar :bEn homenaje al libertador en el bicentenario de su natalicio 1783-1983 1a[Lugar de publicación no identificado] : Quingraficas, 1983 avolumen atextbtxt2rdacontent aunmediatedbn2rdamedia avolumebnc2rdacarrier